Antimicrobial Chemotherapy (Record no. 4230)

MARC details
000 -LEADER
fixed length control field 00577nam a22002177a 4500
003 - CONTROL NUMBER IDENTIFIER
control field OSt
005 - DATE AND TIME OF LATEST TRANSACTION
control field 20251112020003.0
008 - FIXED-LENGTH DATA ELEMENTS--GENERAL INFORMATION
fixed length control field 160530b xxu||||| |||| 00| 0 eng d
020 ## - INTERNATIONAL STANDARD BOOK NUMBER
International Standard Book Number 9780198570165
040 ## - CATALOGING SOURCE
Transcribing agency DNLM
082 ## - DEWEY DECIMAL CLASSIFICATION NUMBER
Classification number WB330 A86d 2007
100 ## - MAIN ENTRY--PERSONAL NAME
Personal name Greenwood, David [et....al]
9 (RLIN) 9116
245 ## - TITLE STATEMENT
Title Antimicrobial Chemotherapy
250 ## - EDITION STATEMENT
Edition statement 5th ed.
260 ## - PUBLICATION, DISTRIBUTION, ETC. (IMPRINT)
Place of publication, distribution, etc. Oxford Universty Press, 2007
300 ## - PHYSICAL DESCRIPTION
Extent x,485p; col.ill: 23.5cm
504 ## - BIBLIOGRAPHY, ETC. NOTE
Bibliography, etc References, & index included
650 ## - SUBJECT ADDED ENTRY--TOPICAL TERM
Topical term or geographic name as entry element Chemotherapy
9 (RLIN) 1629
650 ## - SUBJECT ADDED ENTRY--TOPICAL TERM
Topical term or geographic name as entry element Pharmacy
9 (RLIN) 9117
942 ## - ADDED ENTRY ELEMENTS (KOHA)
Source of classification or shelving scheme Other/Generic Classification Scheme
Koha item type Open Shelf
Koha issues (borrowed), all copies 3
Holdings
Withdrawn status Lost status Source of classification or shelving scheme Damaged status Not for loan Home library Current library Date acquired Source of acquisition Inventory number Total Checkouts Full call number Barcode Date last seen Koha item type Total Renewals Date last checked out Price effective from
    Other/Generic Classification Scheme     MUST Main Library MUST Main Library 30/05/2016   08/30672   WB330 A86d 2007 2016-2245 30/05/2016 Open Shelf      
    Other/Generic Classification Scheme     MUST Main Library MUST Main Library 18/08/2016   2008/30673 5 WB330 A86d 2007 2016-3743 25/11/2025 Open Shelf 1 11/11/2025 18/08/2016